Cơ sở lí thuyết các phản ứng hóa học

Enregistré dans:
Détails bibliographiques
Auteur principal:  Trần Thị Đà
Format: Sách
Langue:Undetermined
Publié:  Giáo dục Việt Nam  2010
Sujets:
Tags: Ajouter un tag
Pas de tags, Soyez le premier à ajouter un tag!
Thư viện lưu trữ: Trung tâm Thư viện - Trường Đại học Công nghiệp TP. Hồ Chí Minh
LEADER 00516nam a2200157Ia 4500
001 UIH_03486
008 231011s9999 xx 000 0 und d
082 |a  541.2 
100 |a  Trần Thị Đà 
245 0 |a  Cơ sở lí thuyết các phản ứng hóa học 
245 0 |c  Trần Thị Đà 
260 |b  Giáo dục Việt Nam 
260 |c  2010 
650 |a  Hóa học;  
927 |a Sách 
980 |a Trung tâm Thư viện - Trường Đại học Công nghiệp TP. Hồ Chí Minh